The physics of vibration/ (Record no. 8667)

MARC details
000 -LEADER
fixed length control field 00508nam a22001937a 4500
003 - CONTROL NUMBER IDENTIFIER
control field OSt
005 - DATE AND TIME OF LATEST TRANSACTION
control field 20240619131459.0
008 - FIXED-LENGTH DATA ELEMENTS--GENERAL INFORMATION
fixed length control field 240619b |||||||| |||| 00| 0 eng d
020 ## - INTERNATIONAL STANDARD BOOK NUMBER
International Standard Book Number 0521372003
040 ## - CATALOGING SOURCE
Transcribing agency must
082 ## - DEWEY DECIMAL CLASSIFICATION NUMBER
Classification number 531.3 PIP 1989
100 ## - MAIN ENTRY--PERSONAL NAME
Personal name pippard,A .B
9 (RLIN) 17524
245 ## - TITLE STATEMENT
Title The physics of vibration/
Statement of responsibility, etc. A.B. Pippard
260 ## - PUBLICATION, DISTRIBUTION, ETC. (IMPRINT)
Place of publication, distribution, etc. New york:
Name of publisher, distributor, etc. Cambridge University Press;
Date of publication, distribution, etc. 1989.
300 ## - PHYSICAL DESCRIPTION
Extent x,639p.:
Other physical details ill;
Dimensions 25cm.
504 ## - BIBLIOGRAPHY, ETC. NOTE
Bibliography, etc Includes Index
600 ## - SUBJECT ADDED ENTRY--PERSONAL NAME
Source of heading or term Vibration
942 ## - ADDED ENTRY ELEMENTS (KOHA)
Source of classification or shelving scheme Dewey Decimal Classification
Koha item type Open Shelf
Holdings
Withdrawn status Lost status Source of classification or shelving scheme Damaged status Not for loan Home library Current library Date acquired Source of acquisition Inventory number Total Checkouts Full call number Barcode Date last seen Price effective from Koha item type
    Dewey Decimal Classification     MUST Main Library MUST Main Library 19/06/2024 purchase 04/21149   531.3 PIP 1989 2024-20937 19/06/2024 19/06/2024 Open Shelf